000 00328 a2200145 4500
001 164442
020 _a
040 _cMagnum
100 _aQueluz, Ana Gracinda
240 1 0 _aO trabalho docente: teoria e pratica
_lpor
245 1 0 _aO trabalho docente: teoria e pratica
362 0 _a1899
697 _aENSINO
942 _cBK
999 _c164442
_d164442